书目信息 |
| 题名: |
互联网时代下高校英语教学研究
|
|
| 作者: | 王悦 , 黄亮 , 江大伟 著 | |
| 分册: | ||
| 出版信息: | 北京 现代出版社 2025.01 |
|
| 页数: | 209页 | |
| 开本: | 26cm | |
| 丛书名: | ||
| 单 册: | ||
| 中图分类: | H319.3 | |
| 科图分类: | ||
| 主题词: | 英语--教学研究--高等学校 | |
| 电子资源: | ||
| ISBN: | 978-7-5231-0932-8 | |
| 000 | 00999cam0 2200253 450 | |
| 001 | 01035722 | |
| 005 | 20250924231109.57 | |
| 010 | @a978-7-5231-0932-8@dCNY56.00 | |
| 100 | @a20241127d2025 em y0chiy0120 ea | |
| 101 | 0 | @achi |
| 102 | @aCN@b110000 | |
| 105 | @ay z 000yy | |
| 106 | @ar | |
| 200 | 1 | @a互联网时代下高校英语教学研究@9hu lian wang shi dai xia gao xiao ying yu jiao xue yan jiu@f王悦,黄亮,江大伟著 |
| 210 | @a北京@c现代出版社@d2025.01 | |
| 215 | @a209页@d26cm | |
| 330 | @a本书从高校英语教学的基础介绍入手,针对高校英语教学思维以及互联网时代下的高校英语课程、互联网时代下的高校英语课堂教学、互联网时代下的高校英语教学模式进行了分析研究;另外对互联网时代下高校英语教学创新以及互联网时代下高校英语教师的发展提出了一些建议。 | |
| 606 | 0 | @a英语@x教学研究@x高等学校 |
| 690 | @aH319.3@v5 | |
| 701 | 0 | @a王悦@9wang yue@4著 |
| 701 | 0 | @a黄亮@9huang liang@4著 |
| 701 | 0 | @a江大伟@9jiang da wei@4著 |
| 801 | 0 | @aCN@c20250905 |
| 905 | @a河南城建学院图书馆@dH319.3@eW441/2@ZW441/2@f1 | |
| 互联网时代下高校英语教学研究/王悦,黄亮,江大伟著.-北京:现代出版社,2025.01 |
| 209页;26cm |
| ISBN 978-7-5231-0932-8:CNY56.00 |
| 本书从高校英语教学的基础介绍入手,针对高校英语教学思维以及互联网时代下的高校英语课程、互联网时代下的高校英语课堂教学、互联网时代下的高校英语教学模式进行了分析研究;另外对互联网时代下高校英语教学创新以及互联网时代下高校英语教师的发展提出了一些建议。 |
| ● |
| 相关链接 |
|
|
|
正题名:互联网时代下高校英语教学研究
索取号:H319.3/W441/2
 
预约/预借
| 序号 | 登录号 | 条形码 | 馆藏地/架位号 | 状态 | 备注 |
| 1 | 1631549 | 216315495 | 语言库209/209语言库 42排5列5层/ [索取号:H319.3/W441/2] | 在馆 |